La vie de Jean Racine / (Record no. 101096)

MARC details
000 -LEADER
campo de control de longitud fija 00642nam a2200205 i 4500
001 - NÚMERO DE CONTROL
campo de control 101096
003 - IDENTIFICADOR DE NÚMERO DE CONTROL
campo de control ES-MaACL
005 - FECHA Y HORA DE LA ÚLTIMA TRANSACCIÓN
campo de control 20251013212908.0
007 - CAMPO FIJO DE DESCRIPCIÓN FÍSICA--INFORMACIÓN GENERAL
campo de control de longitud fija t|
008 - DATOS DE LONGITUD FIJA--INFORMACIÓN GENERAL
campo de control de longitud fija 051013s1928 fr ||||1| fre d
100 1# - ENTRADA PRINCIPAL--NOMBRE DE PERSONA
Nombre de persona Mauriac, François,
Fechas asociadas al nombre 1885-1970
9 (RLIN) 79251
245 13 - MENCIÓN DEL TÍTULO
Título La vie de Jean Racine /
Mención de responsabilidad, etc. François Mauriac.
260 ## - PUBLICACIÓN, DISTRIBUCIÓN, ETC.
Lugar de publicación, distribución, etc. Paris :
Nombre del editor, distribuidor, etc. Plon et Nourrit,
Fecha de publicación, distribución, etc. 1928.
300 ## - DESCRIPCIÓN FÍSICA
Extensión 3 h., 255 p. ;
Dimensiones 19 cm.
490 1# - MENCIÓN DE SERIE
Mención de serie Le roman des grandes existences ;
Designación de volumen o secuencia 15
600 14 - PUNTO DE ACCESO ADICIONAL DE MATERIA--NOMBRE DE PERSONA
Nombre de persona Racine, Jean,
Fechas asociadas al nombre 1639-1699
9 (RLIN) 94887
830 0# - PUNTO DE ACCESO ADICIONAL DE SERIE-TÍTULO UNIFORME
Título uniforme Le roman des grandes existences ;
Designación de volumen o secuencia 15
9 (RLIN) 183871
852 ## - LOCALIZACIÓN
Ubicación ES-MaACL
Número de control de estantería B-13702
Holdings
Estatus retirado Estado de pérdida Estado de daño No para préstamo Biblioteca de origen Biblioteca actual Ubicación en estantería Fecha de adquisición Fuente de adquisición Total de préstamos Signatura topográfica completa Código de barras Visto por última vez Precio de reemplazo Tipo de ítem Koha
        Biblioteca del Ateneo de Madrid Biblioteca del Ateneo de Madrid Sala Pardo Bazán 17/01/2008     B-13702 1105549 23/02/2023 23/02/2023 Libro impreso